[Event "Veteranen Seniorenkampioenschap 2009"]
[Site "Oosterbeek, Netherlands"]
[Date "2009.07.15"]
[Round "5"]
[White "Jonkman, Fokke"]
[Black "Etmans, Maarten"]
[Result "0-1"]
[WhiteElo "2068"]
[BlackElo "2118"]
[PlyCount "80"]
[EventDate "2009.??.??"]

1. c4 e5 2. Nc3 Bb4 3. Qc2 Nf6 4. Nf3 Nc6 5. e3 Bxc3 6. Qxc3 Qe7 7. d3 d5 8. a3
d4 9. Qc2 dxe3 10. Bxe3 Nd4 11. Bxd4 exd4+ 12. Be2 c5 13. O-O O-O 14. b4 b6 15.
bxc5 bxc5 16. Ng5 Bb7 17. Bf3 Rfe8 18. Qd2 Bxf3 19. Nxf3 Nh5 20. Rfe1 Qf6 21.
Qa5 Qb6 22. Qa4 Nf6 23. Ne5 Re6 24. Nd7 Nxd7 25. Qxd7 Rd8 26. Rxe6 fxe6 27. Qe7
Qd6 28. Qxa7 Rb8 29. Qa4 Qb6 30. g3 Qb3 31. Qd7 Qxd3 32. Qxe6+ Kh8 33. Re1 h6
34. Qe5 Rc8 35. Qe6 Rf8 36. a4 Qc2 37. f4 d3 38. Qe7 Rg8 39. Qe4 d2 40. Qxc2
dxe1=Q+ 0-1

[Event "Veteranen Seniorenkampioenschap 2009"]
[Site "Oosterbeek, Netherlands"]
[Date "2009.07.15"]
[Round "5"]
[White "Leeuwen, Etienne van"]
[Black "Calje, Tom"]
[Result "1-0"]
[WhiteElo "2067"]
[BlackElo "1947"]
[PlyCount "83"]
[EventDate "2009.??.??"]

1. e4 d6 2. d4 Nf6 3. Nc3 Nbd7 4. f4 e5 5. Nf3 c6 6. fxe5 dxe5 7. dxe5 Ng4 8.
e6 fxe6 9. Ng5 Nde5 10. Qxd8+ Kxd8 11. Be2 Ke8 12. Bf4 Ng6 13. Bg3 e5 14. O-O-O
Bc5 15. Kb1 Be3 16. Nh3 h5 17. Rd3 Bh6 18. Rd6 Nf4 19. Bc4 Ke7 20. Rhd1 Nf6 21.
Nxf4 Bxf4 22. Bxf4 exf4 23. h3 Nd5 24. Rg6 Kf7 25. Rg5 Kf6 26. h4 Ne3 27. e5+
Ke7 28. Rd4 Nxc4 29. Rxc4 Bg4 30. Rxf4 Rhg8 31. Ne4 Raf8 32. Rxf8 Rxf8 33. b3
Rf1+ 34. Kb2 g6 35. Rxg6 Re1 36. Nf6 Bd1 37. Rg5 Rh1 38. g3 Rg1 39. Nxh5 Bxh5
40. Rxh5 Rxg3 41. Rh7+ Ke6 42. Rxb7 1-0

[Event "Veteranen Seniorenkampioenschap 2009"]
[Site "Oosterbeek, Netherlands"]
[Date "2009.07.15"]
[Round "5"]
[White "Thieme, Wim"]
[Black "Herck, Marcel Van"]
[Result "1-0"]
[WhiteElo "1895"]
[BlackElo "2067"]
[PlyCount "99"]
[EventDate "2009.??.??"]

1. d4 Nf6 2. c4 e6 3. Nf3 d5 4. Nc3 c5 5. e3 Nc6 6. a3 a6 7. dxc5 Bxc5 8. b4
Ba7 9. c5 b6 10. cxb6 Bxb6 11. Bb2 O-O 12. Be2 d4 13. exd4 Nxd4 14. Nxd4 Bxd4
15. Bf3 Rb8 16. O-O e5 17. Qe2 Qd6 18. Rfd1 Bd7 19. Ne4 Nxe4 20. Qxe4 Ba4 21.
Rd2 Rfd8 22. Bxd4 exd4 23. Bd1 Bc6 24. Qd3 Bb5 25. Qg3 Qxg3 26. hxg3 Rbc8 27.
a4 Bc4 28. Rb1 f6 29. Bb3 Kf7 30. Bxc4+ Rxc4 31. Kf1 Ke6 32. Ke2 Kd5 33. a5 Rb8
34. Rdb2 Kc6 35. Kd3 Kb5 36. Re1 Rb7 37. Re6 Rc1 38. Kxd4 Rd7+ 39. Ke3 Re1+ 40.
Re2 Rxe2+ 41. Kxe2 Kxb4 42. Rxa6 Kb5 43. Ra8 Kc6 44. Ke3 Kb7 45. Rh8 h6 46. f4
Ka6 47. Ra8+ Kb7 48. Rg8 Ka6 49. Ke4 Kxa5 50. Kf5 1-0

[Event "Veteranen Seniorenkampioenschap 2009"]
[Site "Oosterbeek, Netherlands"]
[Date "2009.07.15"]
[Round "5"]
[White "Haitsma, Anne"]
[Black "Plijter, Martin"]
[Result "1-0"]
[WhiteElo "2025"]
[BlackElo "1984"]
[PlyCount "49"]
[EventDate "2009.??.??"]

1. d4 Nf6 2. c4 g6 3. Nc3 d5 4. Nf3 Bg7 5. Qb3 dxc4 6. Qxc4 Be6 7. Qa4+ Bd7 8.
Qb3 Bc6 9. e3 O-O 10. Ne5 b6 11. Nxc6 Nxc6 12. Be2 Qd6 13. Bf3 Na5 14. Qa4 c6
15. O-O Rac8 16. Rd1 Nd5 17. Bd2 Nxc3 18. Bxc3 c5 19. dxc5 Qxc5 20. Bxg7 Kxg7
21. b4 Qc4 22. Bd5 Qe2 23. bxa5 b5 24. Qd4+ f6 25. Bf3 1-0

[Event "Veteranen Seniorenkampioenschap 2009"]
[Site "Oosterbeek, Netherlands"]
[Date "2009.07.15"]
[Round "5"]
[White "Goossen, Theo"]
[Black "Rooi, Paul de"]
[Result "1-0"]
[WhiteElo "2014"]
[BlackElo "1935"]
[PlyCount "103"]
[EventDate "2009.??.??"]

1. e4 c5 2. Nf3 Nc6 3. d4 cxd4 4. Nxd4 e6 5. g3 Nf6 6. Bg2 a6 7. O-O Bc5 8. Nb3
Be7 9. Re1 O-O 10. c4 d6 11. Qe2 Bd7 12. Be3 Rc8 13. f4 Qc7 14. N1d2 Qb8 15. g4
d5 16. g5 Nxe4 17. Nxe4 dxe4 18. Bxe4 f5 19. Bg2 e5 20. Bd5+ Kh8 21. Bf2 Rce8
22. fxe5 Bxg5 23. Qh5 Be7 24. e6 Bc8 25. Rad1 g6 26. Qh6 Bf6 27. Rd3 Bg7 28.
Qh4 Bf6 29. Qh6 Bg7 30. Qh3 Qc7 31. Nd4 Ne5 32. Rg3 Ng4 33. Nf3 Nxf2 34. Kxf2
Rf6 35. Ng5 Bf8 36. Kg2 Qg7 37. Rge3 f4 38. Re4 Rf5 39. Nf3 Be7 40. Ne5 Ref8
41. Qf3 Rg5+ 42. Kh1 Rff5 43. Nf7+ Kg8 44. Nxg5 Rxg5 45. Qxf4 Rf5 46. Qd2 Qf6
47. Rg4 b5 48. Qc3 Qxc3 49. bxc3 bxc4 50. Rxc4 Rxd5 51. Rxc8+ Kg7 52. Rc7 1-0

[Event "Veteranen Seniorenkampioenschap 2009"]
[Site "Oosterbeek, Netherlands"]
[Date "2009.07.15"]
[Round "5"]
[White "Mostertman, Loek"]
[Black "Boer, Jacob de"]
[Result "1-0"]
[WhiteElo "2046"]
[BlackElo "1905"]
[PlyCount "165"]
[EventDate "2009.??.??"]

1. e4 e6 2. d4 d5 3. Nd2 dxe4 4. Nxe4 Nf6 5. Nxf6+ Qxf6 6. Nf3 h6 7. Bd3 Bd6 8.
Qe2 Bf4 9. Be3 Bd7 10. O-O-O Nc6 11. c3 O-O-O 12. g3 Bxe3+ 13. Qxe3 Kb8 14. h4
Rhe8 15. Ne5 Nxe5 16. dxe5 Qe7 17. Be4 Ba4 18. Rd4 Rxd4 19. Qxd4 Qd7 20. Rd1
Qxd4 21. Rxd4 Bc6 22. Bxc6 bxc6 23. h5 Kb7 24. Kc2 c5 25. Rg4 Rg8 26. c4 Kc6
27. b3 Kd7 28. Kd3 Ke7 29. Ke4 Rd8 30. Rxg7 Kf8 31. Rh7 Rd2 32. Ke3 Rxa2 33.
Rh8+ Kg7 34. Rc8 Rb2 35. Rxc7 Rxb3+ 36. Ke4 a5 37. Rxc5 a4 38. Ra5 Ra3 39. Ra8
Ra1 40. c5 a3 41. c6 a2 42. c7 Rc1 43. Rxa2 Rxc7 44. f4 Rc3 45. Rg2 Ra3 46. g4
Ra4+ 47. Kf3 Ra3+ 48. Kf2 Ra4 49. Kg3 Ra3+ 50. Kh4 Ra4 51. Rf2 Ra1 52. Kg3 Rg1+
53. Rg2 Rf1 54. Rf2 Rg1+ 55. Kf3 Re1 56. Re2 Rf1+ 57. Kg3 Rg1+ 58. Kh3 Rh1+ 59.
Kg2 Rh4 60. Kg3 Rh1 61. Kg2 Rh4 62. Kf3 Rh1 63. Rg2 Rf1+ 64. Ke3 Re1+ 65. Kd4
Rd1+ 66. Kc5 Rd5+ 67. Kc6 Kh7 68. Re2 Rd4 69. f5 Rxg4 70. fxe6 fxe6 71. Kd6 Kg7
72. Kxe6 Ra4 73. Rd2 Kf8 74. Rd8+ Kg7 75. Ke7 Ra5 76. e6 Rxh5 77. Rd7 Kg6 78.
Kf8 Re5 79. e7 Rf5+ 80. Kg8 Re5 81. Rd6+ Kg5 82. Kf7 h5 83. Re6 1-0

[Event "Veteranen Seniorenkampioenschap 2009"]
[Site "Oosterbeek, Netherlands"]
[Date "2009.07.15"]
[Round "5"]
[White "Scholten, Karel"]
[Black "Peut, Aart van de"]
[Result "0-1"]
[WhiteElo "1944"]
[BlackElo "1904"]
[PlyCount "76"]
[EventDate "2009.??.??"]

1. e4 e6 2. d4 d5 3. Nc3 Bb4 4. e5 Ne7 5. a3 Bxc3+ 6. bxc3 c5 7. Qg4 Qc7 8.
Qxg7 Rg8 9. Qxh7 cxd4 10. Ne2 Nbc6 11. f4 dxc3 12. Qd3 Bd7 13. Nxc3 a6 14. Rb1
Nf5 15. g3 Rc8 16. Bd2 Ncd4 17. Rb2 Bb5 18. Nxb5 Nxb5 19. Bh3 Nfd4 20. a4 Nxc2+
21. Rxc2 Qxc2 22. Qxc2 Rxc2 23. axb5 axb5 24. Bf1 Rb2 25. Bd3 Kd7 26. Ke2 Ra8
27. h4 Raa2 28. Rd1 Ke7 29. h5 Kf8 30. h6 Kg8 31. Ke3 d4+ 32. Ke2 b4 33. Bb1
Ra3 34. Rc1 Rc3 35. Rg1 Re3+ 36. Kd1 Rxb1+ 37. Bc1 Rc3 38. Kd2 b3 0-1

[Event "Veteranen Seniorenkampioenschap 2009"]
[Site "Oosterbeek, Netherlands"]
[Date "2009.07.15"]
[Round "5"]
[White "Landsbergen, Ron"]
[Black "Popta, Hette van"]
[Result "1/2-1/2"]
[WhiteElo "2002"]
[BlackElo "1902"]
[PlyCount "43"]
[EventDate "2009.??.??"]

1. d4 d5 2. Nf3 Nf6 3. Bf4 g6 4. h3 Bg7 5. e3 c5 6. c3 O-O 7. Nbd2 Qb6 8. Qb3
Nc6 9. Be2 Bf5 10. g4 Be4 11. Nxe4 Nxe4 12. O-O Qxb3 13. axb3 Rfd8 14. Rfd1 f6
15. Bh2 e6 16. Ne1 cxd4 17. exd4 a6 18. f3 Ng5 19. h4 Nf7 20. Nd3 Bf8 21. Nf4
Re8 22. Bf1 1/2-1/2

[Event "Veteranen Seniorenkampioenschap 2009"]
[Site "Oosterbeek, Netherlands"]
[Date "2009.07.16"]
[Round "6"]
[White "Vogel, Jaap"]
[Black "Berg, Ad van den"]
[Result "1/2-1/2"]
[WhiteElo "2231"]
[BlackElo "2185"]
[PlyCount "55"]
[EventDate "2009.??.??"]

1. Nf3 g6 2. d4 Nf6 3. g3 Bg7 4. Bg2 O-O 5. O-O d6 6. c4 Nbd7 7. Qc2 e5 8. Rd1
exd4 9. Nxd4 Re8 10. Nc3 c6 11. Bf4 Ne5 12. Bxe5 Rxe5 13. Rd2 Qb6 14. Rad1 Bh6
15. Rd3 Rh5 16. Ne4 Nxe4 17. Bxe4 Re5 18. Bg2 Bf8 19. h3 Bd7 20. e4 Rae8 21.
Kh2 h5 22. f4 R5e7 23. Rb3 Qc7 24. h4 a6 25. Re1 c5 26. Ne2 Ba4 27. Nc3 Bxb3
28. Qxb3 1/2-1/2

[Event "Veteranen Seniorenkampioenschap 2009"]
[Site "Oosterbeek, Netherlands"]
[Date "2009.07.16"]
[Round "6"]
[White "Etmans, Maarten"]
[Black "Oosten, Arend van"]
[Result "1/2-1/2"]
[WhiteElo "2118"]
[BlackElo "2129"]
[PlyCount "39"]
[EventDate "2009.??.??"]

1. e4 Nf6 2. Nc3 d5 3. exd5 Nxd5 4. Bc4 e6 5. Nf3 Nxc3 6. bxc3 Be7 7. O-O O-O
8. d4 b6 9. Qe2 Bb7 10. Rd1 Bf6 11. Bf4 Qc8 12. Bd3 c5 13. Ne5 Nd7 14. Be4 Bxe4
15. Qxe4 cxd4 16. cxd4 Nxe5 17. dxe5 Be7 18. c4 Qc7 19. Rd3 Rfd8 20. Rad1
1/2-1/2

[Event "Veteranen Seniorenkampioenschap 2009"]
[Site "Oosterbeek, Netherlands"]
[Date "2009.07.16"]
[Round "6"]
[White "Goossen, Theo"]
[Black "Monte, Peter"]
[Result "1-0"]
[WhiteElo "2014"]
[BlackElo "2048"]
[PlyCount "103"]
[EventDate "2009.??.??"]

1. e4 e6 2. d4 d5 3. Nd2 c5 4. exd5 exd5 5. Ngf3 Nf6 6. Bb5+ Bd7 7. Bxd7+ Nbxd7
8. O-O Be7 9. dxc5 Nxc5 10. Nd4 Qd7 11. N2b3 Nce4 12. f3 Nd6 13. Nc5 Qc7 14.
Nd3 O-O 15. Be3 Rfe8 16. Bf2 a6 17. c3 b5 18. g3 Bf8 19. a4 bxa4 20. Rxa4 Reb8
21. Re1 a5 22. Qc2 Nd7 23. g4 Nb6 24. Ra2 Rc8 25. Ne2 Nb5 26. Nd4 Nxd4 27. Bxd4
a4 28. Raa1 Qc6 29. Kg2 Nc4 30. Qf2 Rcb8 31. Re2 Rb7 32. b4 Bd6 33. Qe1 Rbb8
34. Nc5 Bf4 35. Nd3 Bd6 36. Raa2 Re8 37. Nc5 a3 38. Nb3 Bf4 39. Na5 Nxa5 40.
bxa5 Rxe2+ 41. Rxe2 Bd6 42. a6 Rxa6 43. Re8+ Bf8 44. Qe7 Qxe8 45. Qxe8 Re6 46.
Qa8 Re2+ 47. Kg3 h5 48. Bc5 h4+ 49. Kxh4 a2 50. Bxf8 Rxh2+ 51. Kg3 Rd2 52. c4
1-0

[Event "Veteranen Seniorenkampioenschap 2009"]
[Site "Oosterbeek, Netherlands"]
[Date "2009.07.16"]
[Round "6"]
[White "Thieme, Wim"]
[Black "Leeuwen, Etienne van"]
[Result "0-1"]
[WhiteElo "1895"]
[BlackElo "2067"]
[PlyCount "78"]
[EventDate "2009.??.??"]

1. d4 Nf6 2. c4 g6 3. Nc3 d5 4. cxd5 Nxd5 5. e4 Nxc3 6. bxc3 Bg7 7. Nf3 O-O 8.
Be2 c5 9. O-O b6 10. Rb1 Bb7 11. Qc2 cxd4 12. cxd4 Nc6 13. d5 Ne5 14. Bb2 Qd6
15. Nxe5 Bxe5 16. Bxe5 Qxe5 17. Qd3 e6 18. f4 Qd6 19. dxe6 Qxe6 20. Bf3 Qxa2
21. Qd7 Bc8 22. Qc7 Be6 23. Ra1 Qc4 24. Qxc4 Bxc4 25. Rfc1 b5 26. e5 Rad8 27.
Rxa7 Rd4 28. g3 Rfd8 29. Ra8 Rxa8 30. Bxa8 b4 31. Rb1 b3 32. Rb2 Rd1+ 33. Kf2
Ra1 34. Ke3 Rxa8 35. Kd4 Be6 36. g4 Ra4+ 37. Ke3 Ra2 38. Rb1 Rxh2 39. Ke4 b2
0-1

[Event "Veteranen Seniorenkampioenschap 2009"]
[Site "Oosterbeek, Netherlands"]
[Date "2009.07.16"]
[Round "6"]
[White "Tulfer, Paul"]
[Black "Haitsma, Anne"]
[Result "1/2-1/2"]
[WhiteElo "1887"]
[BlackElo "2025"]
[PlyCount "71"]
[EventDate "2009.??.??"]

1. e4 e5 2. Nf3 Nc6 3. Bb5 a6 4. Ba4 Nf6 5. O-O Be7 6. Re1 b5 7. Bb3 O-O 8. a4
Bb7 9. d3 d6 10. Nbd2 Na5 11. Ba2 c5 12. c3 Nc6 13. Nf1 Qc7 14. Bg5 Ne8 15. Ne3
Bxg5 16. Nxg5 Nf6 17. Nd5 Nxd5 18. Bxd5 Nd8 19. axb5 Bxd5 20. exd5 Qb7 21. bxa6
Rxa6 22. Rxa6 Qxa6 23. Re3 h6 24. Nf3 Qb7 25. c4 Qxb2 26. Re2 Qb7 27. Qc2 f5
28. Qb2 g5 29. Qxb7 Nxb7 30. Rb2 Rf7 31. h3 Kf8 32. g3 Ke8 33. Kg2 Kd8 34. Ra2
Rc7 35. Ra8+ Rc8 36. Rxc8+ 1/2-1/2

[Event "Veteranen Seniorenkampioenschap 2009"]
[Site "Oosterbeek, Netherlands"]
[Date "2009.07.16"]
[Round "6"]
[White "Calje, Tom"]
[Black "Mostertman, Loek"]
[Result "1/2-1/2"]
[WhiteElo "1947"]
[BlackElo "2046"]
[PlyCount "40"]
[EventDate "2009.??.??"]

1. g3 e5 2. Bg2 d5 3. d3 c6 4. Nd2 Bc5 5. a3 a5 6. e3 Ne7 7. b3 O-O 8. Ne2 f6
9. O-O Be6 10. h3 Nd7 11. Bb2 b5 12. e4 Qb6 13. Qe1 a4 14. b4 Bd6 15. Kh1 c5
16. c3 cxb4 17. cxb4 Rac8 18. Rc1 Rxc1 19. Qxc1 Rc8 20. Qb1 Kh8 1/2-1/2

[Event "Veteranen Seniorenkampioenschap 2009"]
[Site "Oosterbeek, Netherlands"]
[Date "2009.07.16"]
[Round "6"]
[White "Wouters, Jan"]
[Black "Peut, Aart van de"]
[Result "1/2-1/2"]
[WhiteElo "1908"]
[BlackElo "1904"]
[PlyCount "78"]
[EventDate "2009.??.??"]

1. e4 e6 2. d4 d5 3. e5 c5 4. c3 Qb6 5. Nf3 Nc6 6. a3 c4 7. Nbd2 f6 8. Qe2 Be7
9. exf6 Nxf6 10. g3 O-O 11. Bg2 Bd6 12. O-O Qc7 13. Re1 Bd7 14. Nf1 Rae8 15.
Ne5 b5 16. Bf4 Bc8 17. Nd2 Bb7 18. Bh3 Ne4 19. Nxe4 dxe4 20. Qh5 Nxe5 21. Bxe5
Bxe5 22. Qxe5 Qxe5 23. dxe5 Re7 24. Rad1 Bd5 25. Bg2 Ref7 26. Re2 Rf5 27. Rd4
Rxe5 28. Bxe4 Bxe4 29. Rdxe4 Rxe4 30. Rxe4 Kf7 31. Rf4+ Ke7 32. Rxf8 Kxf8 33.
f4 Ke7 34. Kf2 Kf6 35. Kf3 e5 36. g4 exf4 37. Kxf4 h6 38. h4 g5+ 39. hxg5+
hxg5+ 1/2-1/2

[Event "Veteranen Seniorenkampioenschap 2009"]
[Site "Oosterbeek, Netherlands"]
[Date "2009.07.16"]
[Round "6"]
[White "Herck, Marcel Van"]
[Black "Jonkman, Fokke"]
[Result "1/2-1/2"]
[WhiteElo "2067"]
[BlackElo "2068"]
[PlyCount "95"]
[EventDate "2009.??.??"]

1. e4 c5 2. Nf3 d6 3. d4 cxd4 4. Nxd4 Nf6 5. Nc3 g6 6. Be3 Bg7 7. Be2 Nc6 8.
Nb3 O-O 9. f4 a5 10. a4 Be6 11. Bf3 Rc8 12. Nd5 Nd7 13. c3 Bxd5 14. exd5 Ncb8
15. O-O Na6 16. Re1 Nac5 17. Nd4 Nf6 18. Bf2 Re8 19. Nb5 Ncd7 20. b3 Nc5 21.
Ra2 Qd7 22. Rae2 Rcd8 23. b4 axb4 24. cxb4 Nxa4 25. Qxa4 Ra8 26. Ba7 Nxd5 27.
Bxd5 Bd4+ 28. Kh1 Bxa7 29. Bxb7 Rab8 30. Qxa7 Rxb7 31. Qxb7 Qxb7 32. Nxd6 exd6
33. Rxe8+ Kg7 34. R8e4 d5 35. Rd4 Qb6 36. Red1 h6 37. Kg1 g5 38. fxg5 hxg5 39.
h3 f5 40. Kf1 Kf6 41. Ke2 Qb5+ 42. Kf3 Qe8 43. Kf2 Qa4 44. R1d2 Qb3 45. g3 Qb1
46. Kg2 Qb3 47. R2d3 Qc2+ 48. Rd2 1/2-1/2

[Event "Veteranen Seniorenkampioenschap 2009"]
[Site "Oosterbeek, Netherlands"]
[Date "2009.07.16"]
[Round "6"]
[White "Plijter, Martin"]
[Black "Rooi, Paul de"]
[Result "1-0"]
[WhiteElo "1984"]
[BlackElo "1935"]
[PlyCount "63"]
[EventDate "2009.??.??"]

1. e4 d6 2. Nf3 Nf6 3. Nc3 g6 4. Bc4 Bg7 5. Qe2 O-O 6. h3 c6 7. d4 d5 8. Bd3
dxe4 9. Nxe4 Nxe4 10. Bxe4 Nd7 11. O-O c5 12. c3 cxd4 13. cxd4 Nf6 14. Bc2 Nd5
15. Bb3 b6 16. Bg5 h6 17. Bd2 Bb7 18. Rac1 Qd6 19. Ne5 Rac8 20. Rfd1 Rxc1 21.
Rxc1 Rc8 22. Rxc8+ Bxc8 23. Qb5 Be6 24. Qe8+ Kh7 25. Nxf7 Bxf7 26. Qxf7 Nf6 27.
Bc2 Nd7 28. Bb3 Nf6 29. Be3 Qc6 30. Qxe7 Qd7 31. Qxd7 Nxd7 32. Be6 1-0

[Event "Veteranen Seniorenkampioenschap 2009"]
[Site "Oosterbeek, Netherlands"]
[Date "2009.07.16"]
[Round "6"]
[White "Boer, Jacob de"]
[Black "Wilmink, Jan"]
[Result "1-0"]
[WhiteElo "1905"]
[BlackElo "1973"]
[PlyCount "47"]
[EventDate "2009.??.??"]

1. d4 d5 2. c4 c6 3. Nf3 e6 4. e3 Nf6 5. Bd3 Bd6 6. Nc3 Nbd7 7. O-O O-O 8. b3
b6 9. Bb2 Bb7 10. Qe2 e5 11. cxd5 cxd5 12. Nb5 Bb8 13. dxe5 Ng4 14. Nd6 Ndxe5
15. Nxe5 Nxe5 16. Bxh7+ Kxh7 17. Qh5+ Kg8 18. Qxe5 f6 19. Qe6+ Kh7 20. Nxb7 Qc7
21. f4 Qxb7 22. Ba3 Rf7 23. Rf3 a5 24. Rh3+ 1-0

[Event "Veteranen Seniorenkampioenschap 2009"]
[Site "Oosterbeek, Netherlands"]
[Date "2009.07.16"]
[Round "6"]
[White "Popta, Hette van"]
[Black "Scholten, Karel"]
[Result "0-1"]
[WhiteElo "1902"]
[BlackElo "1944"]
[PlyCount "46"]
[EventDate "2009.??.??"]

1. e4 c5 2. Nc3 a6 3. g3 b5 4. Bg2 Bb7 5. Nge2 e6 6. d4 cxd4 7. Nxd4 Nf6 8. O-O
b4 9. Na4 Bxe4 10. Bxe4 Nxe4 11. Qf3 d5 12. c4 bxc3 13. Nxc3 Nxc3 14. Qxc3 Nd7
15. Nc6 Qf6 16. Qb3 Nc5 17. Qb6 e5 18. Be3 Rc8 19. Rac1 Qxc6 20. Qxc6+ Rxc6 21.
b4 d4 22. Bd2 Kd7 23. bxc5 Bxc5 0-1

[Event "Veteranen Seniorenkampioenschap 2009"]
[Site "Oosterbeek, Netherlands"]
[Date "2009.07.17"]
[Round "7"]
[White "Leeuwen, Etienne van"]
[Black "Vogel, Jaap"]
[Result "1/2-1/2"]
[WhiteElo "2067"]
[BlackElo "2231"]
[PlyCount "75"]
[EventDate "2009.??.??"]

1. e4 e6 2. d4 d5 3. Nc3 Bb4 4. e5 b6 5. a3 Bf8 6. f4 Ne7 7. Nf3 h5 8. Be3 Nf5
9. Bf2 Be7 10. Bd3 Ba6 11. Bxa6 Nxa6 12. Qd3 Qc8 13. Ne2 Qb7 14. c4 dxc4 15.
Qxc4 Rd8 16. Rc1 Rd7 17. O-O c5 18. Rfd1 O-O 19. dxc5 Rxd1+ 20. Rxd1 Nxc5 21.
Ng3 Nxg3 22. hxg3 Ne4 23. Re1 Nxf2 24. Kxf2 b5 25. Qe2 Qb6+ 26. Kf1 b4 27. axb4
Qxb4 28. Rc1 Rd8 29. Kg1 a5 30. Rc2 a4 31. Kh2 g6 32. Qc4 Rb8 33. Qxb4 Rxb4 34.
Rc7 Kf8 35. Rc8+ Kg7 36. Rc7 Kf8 37. Rc8+ Kg7 38. Rc7 1/2-1/2

[Event "Veteranen Seniorenkampioenschap 2009"]
[Site "Oosterbeek, Netherlands"]
[Date "2009.07.17"]
[Round "7"]
[White "Berg, Ad van den"]
[Black "Etmans, Maarten"]
[Result "1-0"]
[WhiteElo "2185"]
[BlackElo "2118"]
[PlyCount "67"]
[EventDate "2009.??.??"]

1. e4 Nf6 2. e5 Ng8 3. Nf3 d6 4. Bc4 d5 5. Be2 Bg4 6. d4 e6 7. c3 Be7 8. Nbd2
Nh6 9. h3 Bxf3 10. Nxf3 c5 11. g4 Nc6 12. dxc5 Bxc5 13. b4 Be7 14. Bf4 g5 15.
Be3 f6 16. Bb5 a6 17. Bxc6+ bxc6 18. Qd2 Nf7 19. Bd4 h5 20. Ke2 h4 21. Qe3 O-O
22. Rhe1 c5 23. bxc5 Rc8 24. Kf1 Rc6 25. Rab1 fxe5 26. Nxe5 Nxe5 27. Qxe5 Bf6
28. Qe3 Re8 29. Qd3 Bxd4 30. cxd4 Kg7 31. Re5 Qf6 32. Rb7+ Re7 33. Rxe7+ Qxe7
34. Qe3 1-0

[Event "Veteranen Seniorenkampioenschap 2009"]
[Site "Oosterbeek, Netherlands"]
[Date "2009.07.17"]
[Round "7"]
[White "Oosten, Arend van"]
[Black "Goossen, Theo"]
[Result "0-1"]
[WhiteElo "2129"]
[BlackElo "2014"]
[PlyCount "68"]
[EventDate "2009.??.??"]

1. e4 c5 2. Nc3 Nc6 3. g3 g6 4. Bg2 Bg7 5. d3 d6 6. Be3 Rb8 7. Qd2 b5 8. Nge2
b4 9. Nd1 e5 10. O-O Nge7 11. f4 O-O 12. f5 f6 13. g4 a5 14. g5 gxf5 15. gxf6
Bxf6 16. exf5 Nd4 17. Bh6 Nxe2+ 18. Qxe2 Rf7 19. Ne3 Kh8 20. Qh5 Qe8 21. Ng4
Bd7 22. Rf3 e4 23. dxe4 Bxb2 24. Raf1 Bd4+ 25. Be3 Bc3 26. Qh6 Bc6 27. Rh3 Ng8
28. Qxd6 Rd8 29. Qf4 Bb5 30. Bxc5 Bxf1 31. Bxf1 Nf6 32. Nxf6 Bxf6 33. Bd6 Bd4+
34. Kg2 Rxd6 0-1

[Event "Veteranen Seniorenkampioenschap 2009"]
[Site "Oosterbeek, Netherlands"]
[Date "2009.07.17"]
[Round "7"]
[White "Monte, Peter"]
[Black "Tulfer, Paul"]
[Result "1-0"]
[WhiteElo "2048"]
[BlackElo "1887"]
[PlyCount "129"]
[EventDate "2009.??.??"]

1. e4 c5 2. g3 d5 3. exd5 Qxd5 4. Nf3 Bg4 5. Bg2 Qe6+ 6. Kf1 Nc6 7. h3 Bh5 8.
d3 Qd7 9. Nc3 Nf6 10. g4 Bg6 11. Bf4 e6 12. Nd2 Be7 13. Bg3 O-O 14. h4 h5 15.
g5 Ng4 16. Nc4 Nd4 17. Qd2 Nxc2 18. Rd1 Nd4 19. f3 b5 20. fxg4 bxc4 21. dxc4
Rad8 22. Bf2 f5 23. gxh5 Bxh5 24. Re1 Bf3 25. Bxf3 Nxf3 26. Qxd7 Rxd7 27. Rxe6
Kf7 28. Re2 Nd2+ 29. Kg2 f4 30. Rxe7+ Rxe7 31. Bxc5 Nxc4 32. Bxe7 Kxe7 33. Re1+
Ne3+ 34. Kf3 Kd6 35. Re2 Kc5 36. Ne4+ Kd4 37. Rd2+ Ke5 38. Rd7 Rh8 39. Rxa7
Rxh4 40. Ra5+ Kd4 41. Ra4+ Ke5 42. Nf2 Nd5 43. Rc4 Kf5 44. a4 Rh8 45. Rc5 Ke6
46. Ke4 Rh2 47. Rc6+ Kd7 48. Rc2 Ke6 49. a5 Ne3 50. Re2 Nd5 51. a6 Rh8 52. Nd3
Rf8 53. Kd4+ Kd6 54. Re5 Ne7 55. Rb5 f3 56. Nf2 Nc6+ 57. Ke3 Re8+ 58. Ne4+ Kc7
59. Rb7+ Kc8 60. Kxf3 Ne5+ 61. Ke3 Nc4+ 62. Kd4 Rxe4+ 63. Kxe4 Nd6+ 64. Ke5
Nxb7 65. axb7+ 1-0

[Event "Veteranen Seniorenkampioenschap 2009"]
[Site "Oosterbeek, Netherlands"]
[Date "2009.07.17"]
[Round "7"]
[White "Haitsma, Anne"]
[Black "Wouters, Jan"]
[Result "1-0"]
[WhiteElo "2025"]
[BlackElo "1908"]
[PlyCount "55"]
[EventDate "2009.??.??"]

1. d4 f5 2. g3 Nf6 3. Bg2 g6 4. Nf3 Bg7 5. O-O d6 6. c4 O-O 7. Nc3 Qe8 8. d5 a5
9. Nd4 Na6 10. e4 fxe4 11. Nxe4 Nxe4 12. Bxe4 Nc5 13. Bg2 Bd7 14. Be3 Kh8 15.
Re1 Qf7 16. Qd2 e5 17. dxe6 Nxe6 18. Bxb7 Rab8 19. Bd5 c6 20. Bxe6 Bxe6 21.
Nxe6 Qxe6 22. Bd4 Qf7 23. Rad1 c5 24. Bxg7+ Kxg7 25. Re4 Qf6 26. b3 a4 27. Rf4
Qg5 28. Rf7+ 1-0

[Event "Veteranen Seniorenkampioenschap 2009"]
[Site "Oosterbeek, Netherlands"]
[Date "2009.07.17"]
[Round "7"]
[White "Jonkman, Fokke"]
[Black "Plijter, Martin"]
[Result "1/2-1/2"]
[WhiteElo "2068"]
[BlackElo "1984"]
[PlyCount "62"]
[EventDate "2009.??.??"]

1. c4 Nf6 2. Nc3 e5 3. Nf3 Nc6 4. d4 exd4 5. Nxd4 Nxd4 6. Qxd4 Be7 7. b3 b6 8.
Bb2 Bb7 9. O-O-O O-O 10. e3 Bc5 11. Qd2 Bb4 12. Qc2 Qe7 13. Bd3 Ba3 14. Nb5
Bxb2+ 15. Qxb2 d5 16. Nd4 g6 17. Nf3 Rfe8 18. h4 h5 19. Ng5 a5 20. Rd2 Ne4 21.
Bxe4 dxe4 22. Rhd1 Bc6 23. a4 f6 24. Nh3 Rad8 25. Nf4 Rxd2 26. Rxd2 Kf7 27. Qc3
Qa3+ 28. Qb2 Qc5 29. Qc3 Qa3+ 30. Qb2 Qc5 31. Qc3 Qa3+ 1/2-1/2

[Event "Veteranen Seniorenkampioenschap 2009"]
[Site "Oosterbeek, Netherlands"]
[Date "2009.07.17"]
[Round "7"]
[White "Mostertman, Loek"]
[Black "Thieme, Wim"]
[Result "1-0"]
[WhiteElo "2046"]
[BlackElo "1895"]
[PlyCount "61"]
[EventDate "2009.??.??"]

1. e4 e6 2. d4 d5 3. Nd2 c5 4. Ngf3 Nc6 5. Bb5 Qb6 6. Qe2 a6 7. Bxc6+ bxc6 8.
O-O Nf6 9. e5 Nd7 10. c4 a5 11. Qe3 Ba6 12. Qf4 h6 13. Re1 cxd4 14. cxd5 cxd5
15. Nb3 d3 16. Be3 Qb4 17. Nfd4 a4 18. a3 Qb6 19. Nd2 Bc5 20. b4 axb3 21. N2xb3
Bc4 22. Nxc5 Nxc5 23. Reb1 Qa5 24. Nc6 Qc7 25. Bxc5 Qxc6 26. Bd6 Qd7 27. Rb4
Qd8 28. Rab1 g5 29. Qf3 Rxa3 30. Rb8 Rb3 31. R1xb3 1-0

[Event "Veteranen Seniorenkampioenschap 2009"]
[Site "Oosterbeek, Netherlands"]
[Date "2009.07.17"]
[Round "7"]
[White "Peut, Aart van de"]
[Black "Calje, Tom"]
[Result "1/2-1/2"]
[WhiteElo "1904"]
[BlackElo "1947"]
[PlyCount "36"]
[EventDate "2009.??.??"]

1. e4 Nc6 2. Nc3 e6 3. d4 Bb4 4. a3 Bxc3+ 5. bxc3 d6 6. Nf3 Nge7 7. Bd3 O-O 8.
O-O Ng6 9. Rb1 e5 10. Be3 b6 11. Bc4 Na5 12. Ba2 Ba6 13. Re1 Bc4 14. Bxc4 Nxc4
15. Qe2 Nxe3 16. Qxe3 Qd7 17. g3 f6 18. Kg2 Rae8 1/2-1/2